MARC details
| 000 -LEADER |
| fixed length control field |
01400nam a22002897a 4500 |
| 005 - DATE AND TIME OF LATEST TRANSACTION |
| control field |
20250901091843.0 |
| 008 - FIXED-LENGTH DATA ELEMENTS--GENERAL INFORMATION |
| fixed length control field |
240816b ||||| |||| 00| 0 eng d |
| 082 ## - DEWEY DECIMAL CLASSIFICATION NUMBER |
| Classification number |
DPer 155.205 J826 July-September 2020 v. 119 n. 1-3 |
| 100 ## - MAIN ENTRY--PERSONAL NAME |
| Personal name |
Leander, N. Pontus. |
| Relator term |
author. |
| 9 (RLIN) |
58006 |
| 245 ## - TITLE STATEMENT |
| Title |
Frustration-affirmation? thwarted goals motivate compliance with social norms for violence and nonviolence / |
| Statement of responsibility, etc. |
N. Pontus Leander, Maximilian Agostini, Wolfgang Stroebe, Jannis Kreienkamp,Russell Spears, Toon Kuppens, Martijn Van Zomeren, Sabine Otten, and Arie W. Kruglanski. |
| 260 ## - PUBLICATION, DISTRIBUTION, ETC. (IMPRINT) |
| Place of publication, distribution, etc. |
Washington ; |
| Name of publisher, distributor, etc. |
American Psychological Association , |
| Date of publication, distribution, etc. |
August 2020. |
| 300 ## - PHYSICAL DESCRIPTION |
| Extent |
Volume 119, pages 249-271 : |
| Other physical details |
illustration ; |
| Dimensions |
27 cm. |
| 500 ## - GENERAL NOTE |
| General note |
Journal of Personality and Social Psychology , vol. 119, no. 2, pages 249-271, August 2020. |
| 650 ## - SUBJECT ADDED ENTRY--TOPICAL TERM |
| Topical term or geographic name as entry element |
Social psychology. |
| 9 (RLIN) |
60664 |
| 650 ## - SUBJECT ADDED ENTRY--TOPICAL TERM |
| Topical term or geographic name as entry element |
Violence. |
| 9 (RLIN) |
60665 |
| 650 ## - SUBJECT ADDED ENTRY--TOPICAL TERM |
| Topical term or geographic name as entry element |
Firearms. |
| 9 (RLIN) |
60666 |
| 700 ## - ADDED ENTRY--PERSONAL NAME |
| Personal name |
Leander, N. Pontus. |
| Relator term |
author. |
| 9 (RLIN) |
57997 |
| 700 ## - ADDED ENTRY--PERSONAL NAME |
| Personal name |
Agostini, Maximilian. |
| Relator term |
author. |
| 9 (RLIN) |
57998 |
| 700 ## - ADDED ENTRY--PERSONAL NAME |
| Personal name |
Stroebe, Wolfgang. |
| Relator term |
author. |
| 9 (RLIN) |
57999 |
| 700 ## - ADDED ENTRY--PERSONAL NAME |
| Personal name |
Kreienkamp, Jannis. |
| Relator term |
author. |
| 9 (RLIN) |
58000 |
| 700 ## - ADDED ENTRY--PERSONAL NAME |
| Personal name |
Spears, Russell. |
| Relator term |
author. |
| 9 (RLIN) |
58001 |
| 700 ## - ADDED ENTRY--PERSONAL NAME |
| Personal name |
Kuppens, Toon. |
| Relator term |
author. |
| 9 (RLIN) |
58002 |
| 700 ## - ADDED ENTRY--PERSONAL NAME |
| Personal name |
Zomeren, Martijn Van. |
| Relator term |
author. |
| 9 (RLIN) |
58003 |
| 700 ## - ADDED ENTRY--PERSONAL NAME |
| Personal name |
Otten, Sabine. |
| Relator term |
author. |
| 9 (RLIN) |
58004 |
| 700 ## - ADDED ENTRY--PERSONAL NAME |
| Personal name |
Kruglanski, Arie W. |
| Relator term |
author. |
| 9 (RLIN) |
58005 |
| 942 ## - ADDED ENTRY ELEMENTS (KOHA) |
| Source of classification or shelving scheme |
Dewey Decimal Classification |
| Koha item type |
Periodicals |